[Event "EU-ch U18 blitz"]
[Site "Prague"]
[Date "2024.08.19"]
[Round "4"]
[White "Macias Pino, Diego"]
[Black "Javornik, Nik"]
[Result "1-0"]
[WhiteElo "2477"]
[BlackElo "2212"]
[PlyCount "75"]
[EventDate "2024.08.19"]
[EventType "swiss (blitz)"]
[EventRounds "18"]
[EventCountry "CZE"]
[SourceTitle "CBM 221 Extra"]
[Source "ChessBase"]
[SourceDate "2024.09.30"]
[SourceVersion "1"]
[SourceVersionDate "2024.09.30"]
[SourceQuality "1"]

1. e4 c5 2. Nf3 g6 3. c3 d5 4. exd5 Qxd5 5. d4 Bg7 6. Be3 cxd4 7. Nxd4 Nf6 8. h3 0-0 9. Nd2 e5 10. N4f3 Nc6 11. Bc4 Qd6 12. Ng5 h6 13. Nge4 Nxe4 14. Nxe4 Qc7 15. Qd6 Qxd6 16. Nxd6 a6 17. 0-0-0 b5 18. Bd5 Bd7 19. Nxf7 Ne7 20. Bb3 Bc6 21. Nxe5+ Kh7 22. Nxc6 Nxc6 23. Rd6 Ne5 24. Rhd1 Rf6 25. Rxf6 Bxf6 26. Rd6 Bg7 27. Re6 Nd3+ 28. Kb1 Ne1 29. g3 Rd8 30. Rxa6 Nf3 31. Bc2 Ne5 32. Bd4 Kh8 33. Bxg6 Nc4 34. Bd3 Bxd4 35. cxd4 Nd2+ 36. Kc2 Nf3 37. Rxh6+ Kg7 38. Rh7+ 1-0

[Event "EU-ch U18 rapid"]
[Site "Prague"]
[Date "2024.08.18"]
[Round "7"]
[White "Macias Pino, Diego"]
[Black "Ristic, Luka"]
[Result "1-0"]
[WhiteElo "2477"]
[BlackElo "2274"]
[PlyCount "87"]
[EventDate "2024.08.17"]
[EventType "swiss (rapid)"]
[EventRounds "9"]
[EventCountry "CZE"]
[SourceTitle "CBM 221 Extra"]
[Source "ChessBase"]
[SourceDate "2024.09.30"]
[SourceVersion "1"]
[SourceVersionDate "2024.09.30"]
[SourceQuality "1"]

1. d4 Nf6 2. c4 a6 3. Nc3 c5 4. d5 b5 5. Qc2 b4 6. Nd1 g6 7. e4 d6 8. f4 Bg7 9. Nf3 0-0 10. Bd3 e6 11. 0-0 exd5 12. cxd5 Nbd7 13. Ne3 Nb6 14. Nd2 Re8 15. Ndc4 Nxc4 16. Nxc4 Ng4 17. g3 a5 18. h3 Bd4+ 19. Kg2 Nf6 20. Bd2 Ba6 21. Rae1 Ra7 22. Re2 Rae7 23. Rfe1 Qd7 24. Bc1 Bc8 25. Rh1 Bb7 26. Nxa5 Ba8 27. Kh2 Qc7 28. Nc4 Bb7 29. Rhe1 Bc8 30. Qa4 Bb7 31. e5 Nxd5 32. Nxd6 Bc6 33. Nxe8 Rxe8 34. Qc2 Nb6 35. e6 fxe6 36. Rxe6 Rxe6 37. Rxe6 Qd7 38. f5 gxf5 39. Bxf5 Qd5 40. Qe4 Qc4 41. Re8+ Kg7 42. Qg4+ Kf6 43. Qg5+ Kf7 44. Qe7# 1-0

[Event "EU-ch U18 rapid"]
[Site "Prague"]
[Date "2024.08.18"]
[Round "8"]
[White "Sahakyan, Aleks"]
[Black "Macias Pino, Diego"]
[Result "1-0"]
[WhiteElo "2287"]
[BlackElo "2477"]
[PlyCount "163"]
[EventDate "2024.08.17"]
[EventType "swiss (rapid)"]
[EventRounds "9"]
[EventCountry "CZE"]
[SourceTitle "CBM 221 Extra"]
[Source "ChessBase"]
[SourceDate "2024.09.30"]
[SourceVersion "1"]
[SourceVersionDate "2024.09.30"]
[SourceQuality "1"]

1. d4 Nf6 2. Nf3 b6 3. g3 Bb7 4. Bg2 g6 5. 0-0 Bg7 6. c4 0-0 7. Nc3 Ne4 8. Bd2 Nxd2 9. Qxd2 e6 10. Rfd1 d6 11. Rac1 Nd7 12. Nh4 c6 13. b4 a6 14. a4 d5 15. Qa2 Qe7 16. Qb3 a5 17. cxd5 cxd5 18. bxa5 Rxa5 19. Nb5 Rfa8 20. Nc7 Rc8 21. e3 Nc5 22. dxc5 Qxc7 23. Qxb6 Qxb6 24. cxb6 Rxc1 25. Rxc1 Rxa4 26. Rc7 Ra1+ 27. Bf1 Ba6 28. b7 Rxf1+ 29. Kg2 Bxb7 30. Kxf1 Ba6+ 31. Kg2 d4 32. exd4 Bxd4 33. Nf3 Bf6 34. Nd2 Bd3 35. Kf3 Kg7 36. Ke3 Bf5 37. Nc4 Kf8 38. Rc8+ Ke7 39. Rc7+ Kf8 40. Nd6 Be7 41. Rc8+ Kg7 42. Ne8+ Kg8 43. g4 Bb1 44. f4 h6 45. Kf3 Ba2 46. Kg3 f5 47. Nd6+ Kg7 48. Nb5 fxg4 49. Rc7 Kf6 50. Kxg4 g5 51. Nc3 Bb3 52. Ne4+ Kf7 53. fxg5 hxg5 54. Nxg5+ Kf6 55. Ne4+ Kf7 56. h4 Ke8 57. Ng5 Bd1+ 58. Kh3 e5 59. Rc1 Bh5 60. Re1 Bf6 61. Ne4 Bg7 62. Ng3 Bf3 63. Nf5 Bf6 64. Kg3 Bh5 65. Ne3 Kd7 66. Ra1 Ke6 67. Ra6+ Kf7 68. Nd5 Bd8 69. Rd6 Ba5 70. Rf6+ Kg7 71. Rf5 Bf7 72. Rxe5 Bd2 73. Kg4 Kh6 74. Ne7 Kh7 75. Nf5 Kg6 76. Re2 Bb4 77. h5+ Kf6 78. Nd4 Bc5 79. Rf2+ Kg7 80. Nf5+ Kf6 81. h6 Kg6 82. Nh4+ 1-0

[Event "EU-ch U18 rapid"]
[Site "Prague"]
[Date "2024.08.17"]
[Round "4"]
[White "Loftgaard, Mikkel Vinh"]
[Black "Macias Pino, Diego"]
[Result "1/2-1/2"]
[WhiteElo "2227"]
[BlackElo "2477"]
[PlyCount "226"]
[EventDate "2024.08.17"]
[EventType "swiss (rapid)"]
[EventRounds "9"]
[EventCountry "CZE"]
[SourceTitle "CBM 221 Extra"]
[Source "ChessBase"]
[SourceDate "2024.09.30"]
[SourceVersion "1"]
[SourceVersionDate "2024.09.30"]
[SourceQuality "1"]

1. e4 e5 2. Nf3 Nc6 3. d4 exd4 4. Nxd4 Bc5 5. Nxc6 bxc6 6. Nc3 Qf6 7. Qf3 Qxf3 8. gxf3 Ne7 9. Be3 Bb6 10. Rg1 0-0 11. 0-0-0 d6 12. Bc4 Be6 13. Bb3 Rae8 14. f4 Bxb3 15. axb3 f6 16. h4 Kf7 17. h5 g6 18. hxg6+ hxg6 19. b4 Rb8 20. Bxb6 Rxb6 21. Rd4 Rh8 22. Ne2 Rhb8 23. c3 c5 24. Rc4 c6 25. Rd1 cxb4 26. Rxd6 bxc3 27. bxc3 a5 28. Kd2 Rb2+ 29. Ke3 Ra2 30. Rd2 Ra1 31. Nd4 Rb6 32. Nc2 Ra2 33. Nd4 Ra1 34. Nc2 Rh1 35. Ra4 Rb3 36. Rd3 Rh3+ 37. Ke2 Rh5 38. Nd4 Rb7 39. Rd2 Rb1 40. Rd1 Rb7 41. Rd2 Rb8 42. Rda2 c5 43. Nc2 Nc6 44. Ne3 Rh4 45. Kf3 Rb3 46. Rc4 Rb5 47. Kg3 Rh1 48. Nd5 Rd1 49. Nc7 Rd3+ 50. Kg2 Rb3 51. Nd5 Rb5 52. Nc7 Rb3 53. Rc2 a4 54. Rxc5 Ne7 55. c4 a3 56. Nd5 Nxd5 57. exd5 Rb2 58. Rc7+ Ke8 59. Rc1 Rdd2 60. Rh1 Kd8 61. Ra7 Rxf2+ 62. Kg3 Rg2+ 63. Kf3 Rh2 64. Rxh2 Rxh2 65. Ke4 a2 66. Kd3 Kc8 67. d6 Rh1 68. Rxa2 Kd7 69. c5 Kc6 70. Kc3 Kxc5 71. d7 Rh8 72. Ra5+ Kd6 73. Ra6+ Ke7 74. f5 gxf5 75. Kd4 Rd8 76. Ke3 Rxd7 77. Kf4 Rd5 78. Ra7+ Ke6 79. Ra6+ Kf7 80. Ra1 Re5 81. Rb1 Ra5 82. Rc1 Rb5 83. Ra1 Rd5 84. Rb1 Ke6 85. Rb6+ Kf7 86. Rb1 Rd2 87. Kxf5 Rf2+ 88. Ke4 Kg6 89. Rg1+ Kf7 90. Ra1 Rb2 91. Kf5 Rb5+ 92. Kf4 Kg6 93. Rg1+ Kf7 94. Ra1 Rc5 95. Rb1 Kg6 96. Rg1+ Rg5 97. Rxg5+ fxg5+ 98. Kg4 Kf6 99. Kg3 Kf5 100. Kf3 Kf6 101. Kg4 Kg6 102. Kg3 Kf5 103. Kf3 g4+ 104. Kg3 Kg5 105. Kg2 Kf4 106. Kf2 g3+ 107. Kg2 Kg4 108. Kg1 Kf3 109. Kf1 Kf4 110. Kg2 Kg4 111. Kg1 Kf3 112. Kf1 g2+ 113. Kg1 Kg3 1/2-1/2